Quick Pick: Canidae Quiz Stats

 Plays Quiz Updated Jun 30, 2018

Score 0/10 Timer 01:00
0 Plays Today
% Correct
Coyote
94.1%
Gray Wolf
92.5%
Domestic Dog
91.6%
African Wild Dog
90.6%
Red Fox
78.9%
Black-Backed Jackal
78.4%
Maned Wolf
77.5%
Fennec Fox
71.6%
Dhole
56.5%
Raccoon Dog
52.8%

Today's Daily Dose

Missing Word
Video Games (A-Z)

Get the Picture
Tom Hanks

You're not logged in!

Compare scores with friends on all Sporcle quizzes.
OR
Log In

Sporcle TV

Today on Sporcle TV


Watch our educational content, quiz creation guides, and fun videos on Sporcle TV.

Show Comments

Extras

Top Quizzes Today


Score Distribution

Your Account Isn't Verified!

In order to create a playlist on Sporcle, you need to verify the email address you used during registration. Go to your Sporcle Settings to finish the process.

Report this User

Report this user for behavior that violates our Community Guidelines.

Details: